地震情報で用いる震央地名 - Statistics

General Stats
  • This quiz has been taken 25 times
  • The average score is 93 of 331
Answer Stats
最大地震
発生年・マグニチュード
Answer % Correct
2011 M9.0 三陸沖
80%
1968 M7.9 青森県東方沖
67%
1938 M7.5 福島県沖
67%
1993 M7.5 釧路沖
60%
2019 M6.7 山形県沖
60%
1936,1978 M7.4 宮城県沖
60%
1945 M6.4 愛知県西部
60%
2007 M6.9 能登半島沖
60%
2018 M6.1 大阪府北部
60%
1968 M5.2 宗谷地方北部
53%
1947 M5.2 宗谷地方南部
53%
1990 M5.4 北見地方
53%
1962 M6.5 宮城県北部
53%
2011 M6.4 福島県中通り
53%
2011 M7.0 福島県浜通り
53%
1983 M7.7 秋田県沖
53%
2011 M7.4 岩手県沖
53%
1924,1930 M6.5 茨城県北部
53%
1921 M6.8 茨城県南部
53%
1956 M6.3 千葉県北西部
53%
1947 M5.7 新潟県上越地方
53%
2004 M6.8 新潟県中越地方
53%
1995 M5.6 新潟県下越地方
53%
2011 M5.4 富山県東部
53%
1970 M5.2 富山県西部
53%
1948 M7.1 福井県嶺北
53%
1990 M6.1 福井県嶺南
53%
1997 M5.9 愛知県東部
53%
1992 M5.7 東京湾
53%
1974 M6.9 駿河湾
53%
1950 M5.4 滋賀県北部
53%
1925 M6.7 滋賀県南部
53%
1927 M7.3 京都府北部
53%
1967 M6.4 京都府南部
53%
1936 M5.0 大阪府南部
53%
1940 M6.3 和歌山県北部
53%
1950 M6.5 和歌山県南部
53%
1943 M7.2 鳥取県東部
53%
2000 M7.3 鳥取県西部
53%
1978 M6.1 島根県東部
53%
2018 M6.1 島根県西部
53%
1934 M4.8 岡山県北部
53%
1924 M4.9 岡山県南部
53%
1930 M6.1 広島県北部
53%
1984 M4.6 山口県西部
53%
2020 M3.2 佐賀県北部
53%
1930 M5.0 佐賀県南部
53%
1923 M4.3 長崎県北部
53%
1997 M6.6 鹿児島県薩摩地方
53%
1947 M4.9 鹿児島県大隅地方
53%
2018 M3.6 石狩地方北部
47%
1993,2010 M4.6 石狩地方中部
47%
1947 M5.9 石狩地方南部
47%
1944 M5.8 十勝地方北部
47%
1991 M5.8 十勝地方中部
47%
1970 M6.7 十勝地方南部
47%
1952 M8.2 十勝沖
47%
1998 M6.2 岩手県内陸北部
47%
2008 M7.2 岩手県内陸南部
47%
1956 M6.0 宮城県南部
47%
1943 M6.2 福島県会津
47%
1983 M7.1 青森県西方沖
47%
1949 M6.4 栃木県北部
47%
1949 M5.8 栃木県南部
47%
1976 M5.6 群馬県北部
47%
1920,2015 M4.7 群馬県南部
47%
1931 M6.9 埼玉県北部
47%
1928 M5.9 埼玉県南部
47%
2005 M6.1 千葉県北東部
47%
1930,2003 M5.8 千葉県南部
47%
1923 M7.9 神奈川県西部
47%
2024 M7.6 石川県能登地方
47%
1961 M7.0 石川県加賀地方
47%
2011,2014 M6.7 長野県北部
47%
2020 M5.5 長野県中部
47%
1984 M6.8 長野県南部
47%
1931 M6.0 岐阜県飛騨地方
47%
1923 M6.6 静岡県東部
47%
1983 M5.7 静岡県西部
47%
1998 M5.5 三重県北部
47%
1960 M6.0 三重県南部
47%
2011 M7.6 茨城県沖
47%
1990 M5.4 富山湾
47%
1970 M4.9 広島県南東部
47%
1920 M5.2 広島県南西部
47%
1934 M5.6 徳島県北部
47%
1955 M6.4 徳島県南部
47%
1951 M4.3 香川県東部
47%
1946 M5.0 香川県西部
47%
2007 M5.3 愛媛県東予
47%
1936 M4.8 愛媛県中予
47%
1968 M5.6 高知県東部
47%
1949 M5.3 高知県中部
47%
1923 M5.9 高知県西部
47%
1995 M7.3 大阪湾
47%
1999 M4.1 山口県東部
47%
1929 M5.1 福岡県福岡地方
47%
1996 M3.6 福岡県筑豊地方
47%
1975 M6.1 熊本県阿蘇地方
47%
2016 M7.3 熊本県熊本地方
47%
1924 M6.1 大分県南部
47%
1992 M6.1 渡島地方東部
40%
1925 M6.0 日高地方西部
40%
1932 M6.9 日高地方中部
40%
1931 M6.8 日高地方東部
40%
1947 M6.3 上川地方北部
40%
2011 M6.3 上川地方中部
40%
1988 M6.1 上川地方南部
40%
1937 M5.3 網走地方
40%
1967 M6.5 釧路地方北部
40%
1997 M6.1 根室地方北部
40%
1924 M6.2 根室地方中部
40%
1952 M5.6 根室地方南部
40%
1947 M5.5 青森県下北地方
40%
2008 M6.8 岩手県沿岸北部
40%
1969 M5.7 岩手県沿岸南部
40%
1939 M6.8 秋田県沿岸北部
40%
2008 M5.8 秋田県沿岸南部
40%
1985 M6.4 秋田県内陸北部
40%
1970 M6.2 秋田県内陸南部
40%
1972 M5.3 山形県庄内地方
40%
1943 M4.7 山形県置賜地方
40%
2008 M5.6 津軽海峡
40%
1934 M5.5 陸奥湾
40%
1922 M6.8 神奈川県東部
40%
1935 M6.4 静岡県中部
40%
1936 M5.8 三重県中部
40%
1923 M6.9 千葉県東方沖
40%
1945 M6.8 三河湾
40%
2017 M5.1 福井県沖
40%
1925 M6.8 兵庫県北部
40%
1995 M5.4 兵庫県南東部
40%
1961 M5.9 兵庫県南西部
40%
1952 M6.7 奈良県
40%
2016 M6.6 鳥取県中部
40%
1985 M6.0 愛媛県南予
40%
1968,2024 M6.6 豊後水道
40%
1943 M5.4 鳥取県沖
40%
1940 M3.8 福岡県北九州地方
40%
1973 M4.8 福岡県筑後地方
40%
1983 M6.6 大分県北部
40%
2016 M5.4 大分県中部
40%
2001 M3.8 後志地方北部
33%
1948 M5.2 後志地方東部
33%
1966 M5.7 後志地方西部
33%
1986 M5.5 空知地方北部
33%
1995 M5.9 空知地方中部
33%
1930 M5.5 空知地方南部
33%
2000 M4.9 胆振地方西部
33%
1966 M5.2 紋別地方
33%
1944 M6.4 山形県村山地方
33%
1978 M7.0 伊豆大島近海
33%
1923 M7.3 相模湾
33%
1970 M6.0 伊勢湾
33%
1986 M5.4 島根県沖
33%
1922 M5.8 長崎県南西部
33%
1962 M5.4 熊本県球磨地方
33%
1978 M6.0 宮崎県北部山沿い
33%
1967,1968 M6.1 宮崎県南部山沿い
33%
1926 M6.3 東京都23区
33%
1929 M5.0 渡島地方北部
27%
1967 M5.7 渡島地方西部
27%
1966 M5.6 檜山地方
27%
2018 M6.7 胆振地方中東部
27%
2004 M6.1 留萌地方南部
27%
1931 M6.4 釧路地方中南部
27%
1994 M8.2 北海道東方沖
27%
1982 M7.1 浦河沖
27%
2016 M5.3 内浦湾
27%
1996 M5.3 山形県最上地方
27%
1920,1927 M5.2 埼玉県秩父地方
27%
1964 M7.5 新潟県下越沖
27%
1931 M6.3 山梨県東部・富士五湖
27%
1930 M7.3 静岡県伊豆地方
27%
2001,2023 M5.9 八丈島近海
27%
1963 M6.9 若狭湾
27%
1923 M6.3 土佐湾
27%
1948 M6.7 紀伊水道
27%
2001 M6.7 安芸灘
27%
1997 M6.6 山口県中部
27%
1931 M5.8 熊本県天草・芦北地方
27%
1975 M6.4 大分県西部
27%
1925 M5.7 宮崎県北部平野部
27%
1924 M5.1 宮崎県南部平野部
27%
1999 M6.6 種子島近海
27%
1968 M7.5 日向灘
27%
1938,1995 M6.9 奄美大島近海
27%
2010 M7.2 沖縄本島近海
27%
1926 M7.0 宮古島近海
27%
1958 M7.2 石垣島近海
27%
1947 M7.4 与那国島近海
27%
1999,2024 M7.7 台湾付近
27%
2010 M7.8 父島近海
27%
2015 M8.1 小笠原諸島西方沖
27%
2005 M6.5 小笠原諸島東方沖
27%
1942 M6.5 留萌地方中北部
20%
1993 M7.8 北海道南西沖
20%
1935 M6.0 宗谷海峡
20%
1975 M5.4 青森県津軽北部
20%
1973 M5.5 青森県津軽南部
20%
1980 M5.7 青森県三八上北地方
20%
2003 M6.4 宮城県中部
20%
2007 M6.8 新潟県上中越沖
20%
1923 M6.8 山梨県中・西部
20%
1979,2011 M5.1 岐阜県美濃東部
20%
1969 M6.6 岐阜県美濃中西部
20%
2000 M6.5 三宅島近海
20%
2024 M6.1 佐渡付近
20%
1978 M7.2 東海道南方沖
20%
2014 M6.2 伊予灘
20%
2007 M6.7 京都府沖
20%
1946 M8.0 和歌山県南方沖
20%
1941 M6.2 山口県北部
20%
1922 M5.6 長崎県島原半島
20%
1966 M5.5 有明海
20%
2005 M7.0 福岡県北西沖
20%
1923 M6.6 トカラ列島近海
20%
1932 M6.5 東シナ海
20%
2016 M5.8 朝鮮半島南部
20%
1929 M7.4 千島列島
20%
2000 M7.9 硫黄島近海
20%
1960 M6.8 朝鮮半島北部
20%
2025 M8.8 カムチャツカ半島付近
20%
1940 M7.5 北海道西方沖
13%
1965 M6.8 国後島付近
13%
1978 M7.2 択捉島付近
13%
1973 M7.4 根室半島南東沖
13%
1945,1974 M6.3 苫小牧沖
13%
1923,1931 M6.3 東京都多摩東部
13%
1945 M5.5 東京都多摩西部
13%
1952 M6.4 遠州灘
13%
2024 M6.6 石川県西方沖
13%
1920,1985,1995 M4.7 播磨灘
13%
1937,1979,1991 M6.0 周防灘
13%
1949 M5.9 鹿児島湾
13%
1984 M7.6 鳥島近海
13%
1920 M7.4 オホーツク海南部
13%
1994 M7.3 日本海北部
13%
1954,1993 M6.6 日本海中部
13%
1975 M7.3 日本海西部
13%
南海道南方沖
13%
1994 M5.9 黄海
13%
2000 M6.6 フィリピン付近
13%
オーストラリア付近
13%
1945 M5.5 石狩湾
7%
1924 M6.7 北海道北西沖
7%
1923 M7.3 千葉県南東沖
7%
1944 M7.9 三重県南東沖
7%
2000 M6.5 新島・神津島近海
7%
1923 M5.4 瀬戸内海中部
7%
1940 M6.6 隠岐島近海
7%
1925 M6.2 兵庫県北方沖
7%
2013 M6.3 淡路島付近
7%
1928 M5.8 五島列島近海
7%
1925 M6.0 天草灘
7%
1923 M6.9 奄美大島北東沖
7%
1981 M6.6 奄美大島北西沖
7%
1940 M6.3 薩南諸島東方沖
7%
2010 M6.4 南大東島近海
7%
1946 M6.1 北海道南東沖
7%
1982 M6.6 本州南方沖
7%
1995 M7.8 マリアナ諸島
7%
アリューシャン列島
7%
南太平洋
7%
シベリア付近
7%
インド付近
7%
インド洋
7%
1950 M7.5 宗谷東方沖
0%
1924 M7.0 網走沖
0%
1958,1963 M8.1 択捉島南東沖
0%
1930 M6.3 房総半島南方沖
0%
1953 M7.4 関東東方沖
0%
1972 M7.2 八丈島東方沖
0%
1980 M6.7 伊豆半島東方沖
0%
1939,1972 M5.5 駿河湾南方沖
0%
1935 M5.5 山口県北西沖
0%
1922 M6.9 橘湾
0%
2005 M4.6 壱岐・対馬近海
0%
2015 M7.1 薩摩半島西方沖
0%
1948 M6.4 大隅半島東方沖
0%
1923 M7.3 九州地方南東沖
0%
1961 M6.6 種子島南東沖
0%
1926,2011 M7.0 沖縄本島北西沖
0%
1994 M6.2 沖縄本島南方沖
0%
1998 M7.7 石垣島南方沖
0%
1937 M6.5 西表島付近
0%
1938 M7.2 宮古島北西沖
0%
2005 M6.5 石垣島北西沖
0%
1950 M6.7 四国沖
0%
1927 M不明 鳥島東方沖
0%
1939,1971 M6.9 サハリン西方沖
0%
2000 M7.4 サハリン南部付近
0%
1921 M7.0 千島列島南東沖
0%
東北地方東方沖
0%
2020 M7.5 北西太平洋
0%
1975 M7.5 中国東北部
0%
1973 M7.3 ウラジオストク付近
0%
1944 M5.7 シベリア南部
0%
中国東部
0%
2018 M6.4 サハリン近海
0%
北米西部
0%
北米中部
0%
北米東部
0%
中米
0%
南米西部
0%
南米中部
0%
南米東部
0%
北東太平洋
0%
インドシナ半島付近
0%
2017 M7.3 インドネシア付近
0%
グアム付近
0%
ニューギニア付近
0%
ニュージーランド付近
0%
ロシア西部
0%
ロシア中部
0%
ロシア東部
0%
中央アジア
0%
中国西部
0%
中国中部
0%
中東
0%
ヨーロッパ西部
0%
ヨーロッパ中部
0%
ヨーロッパ東部
0%
地中海
0%
アフリカ西部
0%
アフリカ中部
0%
アフリカ東部
0%
北大西洋
0%
南大西洋
0%
北極付近
0%
南極付近
0%
No matching quizzes found
Score Distribution
Percent of People with Each Score
Percentile by Number Answered
Your Score History
You have not taken this quiz